Land vs. Land #14 - Statistiken

Allgemein
  • Dieses Quiz wurde 42 mal gespielt
  • Das Durchschnittsergebnis liegt bei 11 aus 14
Antwortstatistiken
Frage Antwort % Korrekt
...Bruttoinlandsprodukt? Marokko🇲🇦
100%
...Tourismus? Marokko🇲🇦
100%
...Gewinner? Marokko🇲🇦
100%
...HDI (Human Development Index)? Marokko🇲🇦
98%
...Gesundheitswesen? Marokko🇲🇦
98%
...Fläche? Marokko🇲🇦
95%
...Lebenserwartung? Marokko🇲🇦
95%
...Bruttoinlandsprodukt pro Kopf? Marokko🇲🇦
93%
...durchschnittlicher IQ? Marokko🇲🇦
90%
...Happy Planet Index? Marokko🇲🇦
75%
...Einwohner? Marokko🇲🇦
73%
...Militär? Marokko🇲🇦
70%
...Frieden? Senegal🇸🇳
28%
...Exportmengen? Senegal🇸🇳
13%
Keine übereinstimmenden Quizze gefunden
Verteilung der Resultate
Anzahl Personen mit jedem Resultat
Perzentil nach korrekt beantworteten Fragen
Ihre Resultats-Entwicklung
Sie haben dieses Quiz noch nicht gespielt